| 000 | 00976nam a22002657a 4500 | ||
|---|---|---|---|
| 999 |
_c64875 _d64875 |
||
| 005 | 20240530110755.0 | ||
| 008 | 190102s2018 ua g b 000 0dara d | ||
| 017 |
_a23166/2017 _bمصر. دار الكتب |
||
| 020 | _a9789777801157 | ||
| 040 |
_aEG-CaGPL _cEG-CaGPL |
||
| 082 | 0 | 4 |
_221 _a153.4/ _bس ت |
| 100 | 0 | _aسناء محمد سليمان | |
| 245 | 1 | 2 |
_aالتفكير : _bتنميته ورعايتة ضرورة شخصية ودينية وقومية / _cاعداد سناء محمد سليمان |
| 250 | _aط.1 | ||
| 260 |
_aالقاهرة : _bعالم الكتب، _c2018. |
||
| 300 |
_a239 ص. ؛ _c19 سم. |
||
| 490 | 0 |
_aسلسلة ثقافة سيكولوجية للجميع ؛ _v37. |
|
| 504 | _aيشتمل على ارجاعات ببليوجرافية | ||
| 650 | 0 | 7 |
_2qrmak _aالتفكير |
| 650 | 0 | 7 |
_2qrmak _aالمعرفة |
| 650 | 0 | 7 |
_2qrmak _aالسلوك |
| 651 | _2qrmak | ||
| 942 |
_2ddc _cBK |
||